000 01271nam a2200253Ia 4500
999 _c56005
_d56005
001 23105
003 GE_BSU
005 20230712163621.0
008 181216s1995||||ge |||||||||||||| ||geo||
040 _cGE_BSU
041 _ageo
080 _a821.111-311.3 რ-57
100 _aრიდი, თომას მაინ
_919279
245 _aუთავო მხედარი :
_bრომანი /
_cთომას მაინ რიდი ; სარედ. კოლ. : მინდია არაბული და სხვ. ; ინგლ. თარგმნა ელგუჯა მაღრაძემ ; მხატვ. ჯიბო ყავლაშვილი.
264 _aთბილისი :
_bნაკადული,
_c1995.
300 _a656 გვ. ;
_c21 სმ.
490 _aმსოფლიო ლიტერატურის ბიბლიოთეკა ბავშვებისათვის
541 _h9 ლ.
653 _aუთავო მხედარი
653 _aრომანი
700 _aმაღრაძე, ელგუჯა
_eმთარგმნელი
_919280
700 _aყავლაშვილი, ჯიბო
_eმხატვარი
_917489
942 _cBK
_2udc